Hình tượng người phụ nữ trong Bến không chồng của Dương Hướng
Dương Hướng và hành trình sáng tạo nghệ thuật. Nét đặc sắc của hình tượng người phụ nữ trong Bến không chồng. Nghệ thuật thể hiện hình tượng người phụ nữ trong Bến không chồng
Zapisane w:
| 1. autor: | |
|---|---|
| Kolejni autorzy: | |
| Format: | Książka |
| Język: | Vietnamese |
| Wydane: |
Đà Nẵng
Đại học Sư phạm, Đại học Đà Nẵng
2013
|
| Hasła przedmiotowe: | |
| Etykiety: |
Dodaj etykietę
Nie ma etykietki, Dołącz pierwszą etykiete!
|
| Thư viện lưu trữ: | Mạng thư viện Đại học Đà Nẵng |
|---|
| LEADER | 01832nam a2200385 4500 | ||
|---|---|---|---|
| 001 | 000018959 | ||
| 003 | 15394 | ||
| 005 | 20140312150307.0 | ||
| 008 | 140224s2013 viesd | ||
| 041 | |a vie | ||
| 072 | |a VH | ||
| 082 | 1 | 4 | |a 895.922334 |b PH-Y |
| 100 | 1 | |a Phan Thị Yến | |
| 245 | 1 | 0 | |a Hình tượng người phụ nữ trong Bến không chồng của Dương Hướng |c Phan Thị Yến ; Cao Thị Xuân Phượng hướng dẫn |k Khóa luận tốt nghiệp |
| 260 | |a Đà Nẵng |b Đại học Sư phạm, Đại học Đà Nẵng |c 2013 | ||
| 300 | |a 59 tr. |c 29 cm. | ||
| 500 | |a Khóa luận tốt nghiệp đại học. Chuyên ngành: Cử nhân Văn học | ||
| 520 | |a Dương Hướng và hành trình sáng tạo nghệ thuật. Nét đặc sắc của hình tượng người phụ nữ trong Bến không chồng. Nghệ thuật thể hiện hình tượng người phụ nữ trong Bến không chồng | ||
| 600 | 1 | 4 | |a Dương Hướng |d 1947- |t Bến không chồng |
| 650 | 0 | 4 | |a Tiểu thuyết Việt Nam |v Khóa luận tốt nghiệp |x Dương Hướng |x Hình tượng người phụ nữ |
| 653 | |a Tiểu thuyết Việt Nam | ||
| 653 | |a Hình tượng người phụ nữ | ||
| 653 | |a Khoa Ngữ văn | ||
| 653 | |a Văn học Việt Nam | ||
| 700 | 1 | |a Cao Thị Xuân Phượng |c TS. |e Hướng dẫn | |
| OWN | |a LSP | ||
| AVA | |a UDN50 |b LSP |d 895.922334 PH-Y |e available |t Error 5001 Not defined in file expand_doc_bib_avail. |f 1 |g 0 |h N |i 0 |k 1 | ||
| 999 | |a From the UDN01 | ||
| AVA | |a UDN50 |b LSP |d 895.922334 PH-Y |e available |t Error 5001 Not defined in file expand_doc_bib_avail. |f 1 |g 0 |h N |i 0 |k 1 | ||
| TYP | |a Monograph | ||
| TYP | |a Printed language | ||
| 980 | |a Mạng thư viện Đại học Đà Nẵng | ||